Implementing health policy (Record no. 1455516)

MARC details
000 -LEADER
fixed length control field 00571nam a2200205Ia 4500
005 - DATE AND TIME OF LATEST TRANSACTION
control field 20250923145755.0
008 - FIXED-LENGTH DATA ELEMENTS--GENERAL INFORMATION
fixed length control field 008 250917s9999 xx 000 0 eng d
037 ## - SOURCE OF ACQUISITION
Stock number Textual
040 ## - CATALOGING SOURCE
Original cataloging agency DSWL
Language of cataloging eng
Transcribing agency DSWL
041 ## - LANGUAGE CODE
Language code of text/sound track or separate title eng
Source of code eng
084 ## - COLON CLASSIFICATION NUMBER
Classification number YX;5-H.2'N82, N88
Assigning agency DSWL
100 ## - MAIN ENTRY--PERSONAL NAME
Personal name Chatterjee, M.
9 (RLIN) 838809
245 #0 - TITLE STATEMENT
Title Implementing health policy
Statement of responsibility, etc. by M.Chatterjee
260 ## - PUBLICATION, DISTRIBUTION, ETC.
Place of publication, distribution, etc. New Delhi
Name of publisher, distributor, etc. Monohar
Date of publication, distribution, etc. 1988
300 ## - PHYSICAL DESCRIPTION
Extent x,324p.
365 ## - TRADE PRICE
Price type code INR
Price amount 200.00
925 ## -
-- 200.00
942 ## - ADDED ENTRY ELEMENTS (KOHA)
Koha item type Textual
Classification part YX;5-H.2'N82, N88
Holdings
Withdrawn status Lost status Damaged status Not for loan Home library Current library Date acquired Source of acquisition Inventory number Total Checkouts Full call number Barcode Date last seen Price effective from Koha item type
        Department of Social Work Library Department of Social Work Library 2025-09-23 Book Distributors 288/19.11.87   YX;5-H.2'N82, N88 SW0023289 2025-09-23 2025-09-23 Textual
Copyright @ Delhi University Library System